| 000 | 01415nam a2200277 a 4500 | ||
|---|---|---|---|
| 001 | 43189 | ||
| 003 | BD-RjUL | ||
| 005 | 20211209053647.0 | ||
| 008 | 160620s1953 ilua b 101 0 eng | ||
| 035 | _a(BD-RjUL)43307 | ||
| 040 |
_aDLC _cCSU _dSER _dBD-RjUL _beng |
||
| 041 | _aeng | ||
| 082 |
_a330.947 _223 _bSOV 1953 |
||
| 110 | 2 |
_aJoint Committee on Slavic Studies (U.S.) _9132632 |
|
| 245 | 1 | 0 |
_aSoviet economic growth : _bconditions and perspectives / _cAbram Bergson, editor. |
| 260 |
_aEvanston, Ill. : _bRow, Peterson ; _c1953 |
||
| 300 |
_aviii, 376 p. : _bill. ; _c24 cm. _eAppendix to Chapter 2, "Capital formation and allocation" ([1], 16 leaves ; 28 cm.) |
||
| 500 | _a"Sets forth in ... revised form the proceedings of a conference held at Arden House, Harriman, N.Y., May 23-25, 1952 ... organized under the sponsorship of the Joint Committee on Slavic Studies of the American Council of Learned Societies and the Social Science Research Council." | ||
| 500 | _a'Appendix to Chapter 2, "Capital formation and allocation" by Norman M. Kaplan, Soviet economic growth, Abram Bergson, editor.' -- head of t.p. of Appendix. | ||
| 504 | _aIncludes bibliographical footnotes and index. | ||
| 650 | 0 |
_aLabor supply _zSoviet Union. _9132633 |
|
| 650 | 0 |
_aEconomic conditions _zSoviet Union _y1917-1945. _9132634 |
|
| 700 | 1 | 0 |
_aBergson, Abram. _d1914-2003 _9132635 |
| 942 |
_2ddc _cBK |
||
| 999 |
_c43189 _d43189 |
||